000 00922nam a2200229Ia 4500
001 L200-55554
003 IT-CnALBA
008 170116s9999||||xx |||||||||||||| ||und||
040 _aIT-CnALBA
_cIT-CnALBA
041 _aITALIANO
100 _aSENZA AUTORE
245 0 _aBENEDETTO IL SIGNORE.
250 _a1a ed.
260 _a ROMA FI
_bOCD. EDIZI. CARMEL. SCALZI
_c2002 [1° Ed.:2002 - Ed.Ling.Originale: 2002]
300 _a96 p.
500 _aS. TERESA BENEDETTA DELLA CROCE. EDITH STEIN. S. TERESA DI GESÙ BAMBINO. S. TERESA DI GESÙ. S. GIOVANNI DELLA CROCE.
501 _aSocietà San Paolo EM - Piazza San Paolo, 14 - 12051 ALBA (CN) (non commercial uses only) ® Copyright 2017
520 _aS. TERESA BENEDETTA DELLA CROCE. EDITH STEIN. S. TERESA DI GESÙ BAMBINO. S. TERESA DI GESÙ. S. GIOVANNI DELLA CROCE.
650 _aRELIGIONE - RELIGIONE CRISTIANA
942 _cBK
957 _71
999 _a73054
_bNO
_g Copie: 1
_c314405
_d314405